Datum a čas kvízu
25.5
Celkem bodů
Celkový počet nahraných bodů na tomto kvízu bez doplňovacích otázek.
10.
Pořadí na kvízu
Konečné umístění týmu na tomto kvízu.
Zaznamenané odpovědi
| # | Otázka | Odpověď | Body | Výsledky |
|---|---|---|---|---|
| 1. | Prezident Pavel si při své dvo... | TON | 1 | |
| 2. | Parlament jednoho evropského s... | Spojené království (Velká Británie) | 0 | |
| 3. | Ve čtvrtek vystoupil v brněnsk... | Slash | 0 | |
| 4. | Abstraktní obraz Conception/Da... | František Kupka | 1 | |
| 5. | Americké atletky nebyly při př... | Nike | 1 | |
| 6. | Bolívie má, stejně jako několi... | Sucre; La Paz | 0 | |
| 7. | Které evropské hlavní město se... | Oslo | 0 | |
| 8. | Zatímco některé země mají hlav... | o Nauru | 0 | |
| 9. | Které malebné hlavní město lež... | Tallinn | 0 | |
| 10. | Napište, které hlavní město (s... | Reykjavík; Wellington | 0.5 |